000 00648nam a2200253Ia 4500
003 OSt
005 20221006141411.0
006 a|||||r|||| 00| 0
007 ta
008 221006b |||||||| |||| 00| 0 eng d
020 _cP 3.30
024 _a2,088
037 _cTextual
040 _aEASL
_cEASL
_beng
041 _2eng
_aeng
082 _aV41.N5, L1-;1
100 _aHSU Immanuel C Y
245 0 _aReading in modern Chinese history
260 _aNew York
_bOxford Univ. Press
_c1971
300 _a701p.
_ccm.
490 _v RS
942 _hV41.N5, L1-;1
_cTEXL
_2CC
999 _c1070174
_d1070174